| 000 | 00791cad a22002295a 4500 | ||
|---|---|---|---|
| 001 | L158302 | ||
| 008 | 121219e2014 xxk 000 0 eng d | ||
| 035 | _a(Sirsi) u158302 | ||
| 041 | 0 | _aeng | |
| 100 | 1 | _aAronsohn | |
| 245 | 0 | 0 | _aMeasure for measure |
| 260 | _c2014 | ||
| 490 |
_aRICS Property Journal _vDecember 2014-January 2015, 14-15(2) |
||
| 520 | _aProvides more details on the IPMS for Offices and how these differ from the Code of Measuring Practice. IPMS Coalition website www.ipmsc.org | ||
| 650 | 2 | 4 | _aInternational Property Measurement Standards |
| 650 | 2 | 4 | _aRICS CODE OF MEASURING PRACTICE |
| 651 | 4 | _aUnited Kingdom | |
| 690 |
_aMeasurement _96256 |
||
| 700 | 1 | _aTicleanu, Cosmin Dr | |
| 710 |
_aRoyal Institution of Chartered Surveyors _94900 |
||
| 942 |
_n0 _2ddc |
||
| 999 |
_c84553 _d84553 |
||